=LDR 00000nam 2200000 4500 =001 INLIS000000000046773 =005 20150508164639.0 =006 =007 =008 =035 ##$$0010-051500000000032 =040 ##$$a iND =082 ##$$a 658 =090 ##$$a 658 tipp$cc =100 ##$$a harry tipper,Jr =245 ##$$a contolling overhead =260 ##$$a india$btaraporevala$c1976 =300 ##$$a 17cm$c125hlm